000 00326nam a22001457a 4500
003 SGT
020 _a8171770703
082 _a346.54
_bNAR
100 _aNARAYANAN P
245 _aTRADE MARK TRADE NAME & PASSING OFF CASES
250 _a2
260 _aCALCUTTA
_bEASTERN BOOK HOUSE
_c1997
300 _a2232
942 _2ddc
_cBK
999 _c32702
_d32702